000 00847cam a22002653a 4500
001 37652
003 PGUSA
005 20140828083827.0
008 111007s2011||||xxu|||||s|||||000 1 eng d
040 _aPGUSA
_beng
042 _adc
050 4 _aPZ
100 1 _aWesterman, Percy F.
_q(Percy Francis),
_d1876-1959
245 1 4 _aThe Nameless Island :
_bA Story of some Modern Robinson Crusoes
_h[electronic resource] /
_cPercy F. Westerman
260 _bProject Gutenberg,
_c2011
506 _aPublic domain in the USA.
516 _aElectronic text
653 _aIslands of the Pacific -- Juvenile fiction
653 _aCastaways -- Juvenile fiction
653 _aRobinsonades
653 _aShipwreck survival -- Juvenile fiction
830 0 _aProject Gutenberg
_v37652
856 4 0 _uhttp://www.gutenberg.org/ebooks/37652
942 _cEB
999 _c266906
_d266906